000 00609nam a22002177a 4500
003 UA-OsUOA
001 46180
007 ta
008 20070607b un ||||| |||| 00| 0 ukr d
100 _aПрес-служба глави держави
090 _a32
_bП-11
942 _cSA
040 _aUA-OsUOA
_bukr
_cUA-OsUOA
_dUA-OsUOA
245 _aПрезидент відвідав з одноденним офіційним візитом Республіку Хорватія
300 _aС.1
955 _a0
041 _aukr
080 _a32
773 0 _w46144
650 7 _a32 Політика
_2UDC
999 _c332272
_d332272